header

Radio frequency identification (Record no. 170323)

MARC details
000 -LEADER
fixed length control field 01468nam a2200373Ia 4500
082 04 - DEWEY DECIMAL CLASSIFICATION NUMBER
Classification number 658.7/87
245 00 - TITLE STATEMENT
Title Radio frequency identification
260 ## - PUBLICATION, DISTRIBUTION, ETC. (IMPRINT)
Place of publication New York :
Name of publisher Nova Science Publishers,
Year of publication c2011.
300 ## - PHYSICAL DESCRIPTION
Number of Pages xi, 149 p. :
Other physical details ill.
490 1# - SERIES STATEMENT
Series statement Materials science and technologies
Series statement Engineering tools, techniques and tables
650 #0 - SUBJECT ADDED ENTRY--TOPICAL TERM
Topical Term Radio frequency identification systems.
Topical Term Inventory control.
700 1# - ADDED ENTRY--PERSONAL NAME
Personal name McAdams, Alison R.
856 40 - ELECTRONIC LOCATION AND ACCESS
Uniform Resource Identifier http://site.ebrary.com/lib/rucke/Doc?id=10661545

No items available.

© 2026 Rongo University
Contact us: librarian | system librarian | Rongo university